=LDR 00000nam 2200000 4500 =001 INLIS000000000035700 =005 20130612141533 =008 ***********************************Ind** =035 ##$$0010-061300000035700 =041 ##$$a Ind =082 ##$$a 709.075 98 =090 ##$$a 709.075 98, Sup p =100 ##$$a Supratno =245 ##$$a Pendidikan seni rupa, untuk Sekolah Menengah Pertama ( SPM ) dan Umum, Supratno =260 ##$$a 1984 $b Semarang =300 ##$$a viii, 168 hlm, ilus, 32 cm =650 ##$$a Pendidikan Seni Rupa =850 ##$$a NBPNMAT